The position of the individual in international law according to Grotius and Vattel / (Record no. 45219)
[ view plain ]
| 000 -LEADER | |
|---|---|
| fixed length control field | 00830nam a2200265 a 4500 |
| 001 - CONTROL NUMBER | |
| control field | 45219 |
| 003 - CONTROL NUMBER IDENTIFIER | |
| rucl marc code | BD-RjUL |
| 005 - DATE AND TIME OF LATEST TRANSACTION | |
| control field | 20211209054000.0 |
| 008 - FIXED-LENGTH DATA ELEMENTS--GENERAL INFORMATION | |
| fixed length control field | 160725s1960 ne 000 0 eng |
| 035 ## - SYSTEM CONTROL NUMBER | |
| System control number | (BD-RjUL)45337 |
| System control number | (OCoLC)505576 |
| 040 ## - CATALOGING SOURCE | |
| Original cataloging agency | DLC |
| Transcribing agency | ODaWU |
| Modifying agency | DLC |
| -- | BD-RjUL |
| Language of cataloging | eng |
| 041 ## - LANGUAGE CODE | |
| Language code of text/sound track or separate title | eng |
| 082 ## - DEWEY DECIMAL CLASSIFICATION NUMBER | |
| Edition number | 23 |
| Classification number | 340 |
| Author mark and year | REP 1960 |
| 100 1# - MAIN ENTRY--PERSONAL NAME | |
| Personal name | Remec, Peter Pavel, |
| Dates associated with a name | 1925- |
| 9 (RLIN) | 138535 |
| 245 14 - TITLE STATEMENT | |
| Title | The position of the individual in international law according to Grotius and Vattel / |
| Statement of responsibility, etc. | Peter Pavel Remec. |
| 260 ## - PUBLICATION, DISTRIBUTION, ETC. (IMPRINT) | |
| Place of publication, distribution, etc. | The Hague, |
| Name of publisher, distributor, etc. | M. Nijhoff, |
| Date of publication, distribution, etc. | 1960. |
| 300 ## - PHYSICAL DESCRIPTION | |
| Pagination | 260 p. ; |
| Size | 25 cm. |
| 600 10 - SUBJECT ADDED ENTRY--PERSONAL NAME | |
| Personal name | Grotius, Hugo, |
| Dates associated with a name | 1583-1645. |
| Personal name | Vattel, Emer de, |
| Dates associated with a name | 1714-1767. |
| 650 #0 - SUBJECT ADDED ENTRY--TOPICAL TERM | |
| Topical term or geographic name as entry element | Law |
| 9 (RLIN) | 138538 |
| Topical term or geographic name as entry element | Persons (International law) |
| 9 (RLIN) | 138539 |
| 942 ## - ADDED ENTRY ELEMENTS (KOHA) | |
| Source of classification or shelving scheme | Dewey Decimal Classification |
| Koha item type | Books |
| Lost status | Source of classification or shelving scheme | Damaged status | Not for loan | Collection code | Permanent Location | Current Location | Shelving location | Date acquired | Source of acquisition | Cost, normal purchase price | Total Checkouts | Full call number | Date last seen | Copy number | Koha item type |
|---|---|---|---|---|---|---|---|---|---|---|---|---|---|---|---|
| Dewey Decimal Classification | Non-fiction | Central Library, University of Rajshahi | Central Library, University of Rajshahi | 23/11/1967 | Zeitlinger | 36.00 | 340 REP 1960 | 25/07/2016 | C-2 | Books |